Psicologia escolar: padroes e práticas em paises de língua espanhola e portuguesa

Saved in:
Bibliografiske detaljer
Main Authors: Guzzo, Raquel Souza Lobo (Author), Silva Almeida, Leandro da (Author), Múglia Wechsler, Solange (Author)
Format: Bog
Sprog:portugisisk
Udgivet: Campinas Atomo 1993
Fag:
Tags: Tilføj Tag
Ingen Tags, Vær først til at tagge denne postø!

MARC

LEADER 00000nam a2200000 a 4500
001 UCG1781
003 CL-VaPUC
008 100520e19930000BL |||||||||||||||||por|d
082 0 4 |a 370.15  |b GUZ  |2 21 
100 |a Guzzo, Raquel Souza Lobo  |e author  |9 549789 
700 0 |a Silva Almeida, Leandro da  |e author  |9 549790 
700 0 |a Múglia Wechsler, Solange  |e author  |9 549791 
245 1 0 |a Psicologia escolar: padroes e práticas em paises de língua espanhola e portuguesa 
300 |a 166 p 
942 |c BK 
945 |d 20100520 00:00:00  |a rbrito 
260 |a Campinas  |b Atomo  |c 1993 
650 0 |a Psicología del aprendizaje  |9 306854 
583 |a last modification  |c 20100520 00:00:00  |k Rodrigo Vera 
999 |c 341044  |d 341042 
952 |0 0  |1 0  |4 0  |6 370_150000000000000_GUZ_1993  |7 0  |8 P  |9 436261  |a BIBEDU  |b BIBEDU  |c BIBEDU_PB  |d 2019-11-22  |i 4676815  |o 370.15 GUZ 1993  |p 4676815  |r 2024-01-25  |w 2019-11-22  |y BK  |k EBA